[Event "Montreal op U2000"]
[Site "Montreal"]
[Date "2016.09.10"]
[Round "2.7"]
[White "Ma, Indy"]
[Black "Oroczo, Joey"]
[Result "1-0"]
[WhiteElo "1717"]
[BlackElo "1841"]
[PlyCount "117"]
[EventDate "2016.09.09"]
[EventType "swiss"]
[EventRounds "5"]
[EventCountry "CAN"]
[SourceTitle "EXT 2022"]
[Source "ChessBase"]
[SourceDate "2021.10.06"]
[SourceVersion "1"]
[SourceVersionDate "2021.10.06"]
[SourceQuality "1"]

1. d4 Nf6 2. c4 g6 3. Nc3 d5 4. cxd5 Nxd5 5. e4 Nxc3 6. bxc3 c5 7. Nf3 Bg7 8. Rb1 Qa5 9. Bd2 a6 10. Qb3 0-0 11. Bd3 Qd8 12. Qb6 cxd4 13. cxd4 Nc6 14. d5 Nd4 15. Qxd8 Rxd8 16. Nxd4 Bxd4 17. Ke2 b6 18. Bf4 Rd7 19. Rhc1 Bc5 20. a4 Rb7 21. a5 Kg7 22. Rc3 g5 23. Bxg5 Bd6 24. Rxb6 Rxb6 25. axb6 Rb8 26. Be3 Bb7 27. Bc5 Rc8 28. Bxd6 exd6 29. Rc7 Rxc7 30. bxc7 Kf6 31. e5+ Kxe5 32. Bxh7 Bc8 33. Kd3 Kxd5 34. Be4+ Ke5 35. g4 Bxg4 36. Bb7 a5 37. c8Q Bxc8 38. Bxc8 Kf4 39. Bd7 f5 40. h4 Kg4 41. h5 Kxh5 42. Bxf5 a4 43. Kc3 Kg5 44. Be4 Kf4 45. Bh1 Ke5 46. Kb4 d5 47. Kxa4 Kd4 48. Kb3 Ke5 49. Kc3 Kf4 50. Bxd5 Ke5 51. Bb7 Kf4 52. Kd4 Kf5 53. Kd5 Kf6 54. Ke4 Ke6 55. f4 Kf6 56. Bd5 Ke7 57. Ke5 Kd7 58. Kf6 Kd6 59. Kg7 1-0